Identidad estado y nación en centroamérica: Un estudio historiográfico (segunda parte) /
Uloženo v:
| Hlavní autor: | |
|---|---|
| Médium: | Text |
| Témata: | |
| Tagy: |
Přidat tag
Žádné tagy, Buďte první, kdo vytvoří štítek k tomuto záznamu!
|
MARC
| LEADER | 00000 a a2200000 04500 | ||
|---|---|---|---|
| 001 | 45493 | ||
| 003 | |||
| 040 | |a CRAI/IIS |c CRAI/IIS | ||
| 090 | |a REV0780 (38)2000 | ||
| 100 | |a Pinto Soria, Julio César | ||
| 245 | |a Identidad estado y nación en centroamérica: |b Un estudio historiográfico (segunda parte) / |c Julio César Pinto Soria | ||
| 650 | |a IDENTIDAD CULTURAL | ||
| 650 | |a ESTADO | ||
| 650 | |a NACION | ||
| 650 | |a HISTORIOGRAFIA | ||
| 773 | |g número38, V Epoca (2000), páginas 35-50 | ||
| 999 | |c 18186 |d 18186 | ||
